000 00727cab a2200241 4500
001 ABS49327
008 090401t1993 xxu||||| |||| 00| 0 eng d
035 _a(Sirsi) u70923
041 _aeng
100 _aBrett, M.
245 _aCash is king
260 _c1993
350 _a0
490 _aEstates Gazette
_v(9335) 4 September 1993, 44-47(2)
520 _aAssesses what information can be obtained from looking at a company`s cash flow statement.
650 _aMANAGEMENT-BUSINESS MANAGEMENT-FINANCIAL MANAGEMENT-ACCOUNTING
650 _aBALANCE SHEET
650 _aCOMPANY ACCOUNTS
650 _aPROPERTY COMPANIES
690 _aPROPERTY-PROPERTY FINANCE AND INVESTMENT
942 _n0
948 _c04/03/1997
999 _c44682
_d44682